| 000 | 00693nam a22002177a 4500 | ||
|---|---|---|---|
| 999 |
_c11158 _d11158 |
||
| 003 | AR-CdUCM | ||
| 008 | 190403b ||||| |||| 00| 0 spa d | ||
| 040 |
_aMUNICIPALIDAD PROVINCIAL DEL CUSCO _cBIBLIOTECA MUNICIPAL DEL CUSCO |
||
| 082 |
_aES / 373.985 / _bG88 |
||
| 100 |
_aGuevara Espinoza, Antonio _928362 |
||
| 245 |
_aHistoria del Perú 2 : _bEn el proceso Americano y mundial / |
||
| 260 |
_aLima : _bEscuela Nueva, _c1995. |
||
| 300 |
_a168 paginas ; _bilustraciones, graficos, dibujos, _c23 cm. |
||
| 500 | _aHistoria del Perú | ||
| 650 |
_aHistoria _9136 |
||
| 650 |
_aPerú _935 |
||
| 650 |
_aLiteratura _983 |
||
| 650 |
_aLectura _92069 |
||
| 942 |
_2ddc _cLIBROS |
||
| 945 | _apjha | ||